000 nam a22 7a 4500
999 _c126316
_d126316
008 170322b xxu||||| |||| 00| 0 eng d
050 _aHV8599.K4 R87 1998
245 _aWhere terror rules : torture by Kenyan police in nothern eastern Kenya
_cKenya human rights commission
260 _aNairobi
_bKenya human rights commission
_c1998
300 _a26p. ;
_c21cm.
650 _aTorture
_zKenya
_929475
650 _aPolice
_zKenya
_929476
650 _aPolitical prisoners
_zKenya
_929477
650 _aHuman rights
_zKenya
_924650
710 _aKenya Human Rights Commission
_923023
942 _2lcc
_cMONOGRAPH